[Event "PMPJ 2022 - C15"]
[Site "Jastrzebia Gora"]
[Date "2022.11.12"]
[Round "8.22"]
[White "Palasz, Jakub"]
[Black "Bartnik, Michal"]
[Result "1/2-1/2"]
[BlackElo "1480"]
[WhiteElo "1170"]
[LiveChessVersion "1.4.4"]

1. e4 e5 2. Nc3 Nf6 3. f4 d5 4. fxe5 Nxe4 5. Qf3 f5 6. d3 Nxc3 7. bxc3 d4 8. Qg3
Nc6 9. Nf3 Be6 10. Bg5 Qd7 11. Be2 h6 12. Bd2 g5 13. O-O O-O-O 14. Qf2 Bc5 15.
cxd4 Nxd4 16. Be3 Nxe2+ 17. Qxe2 Bxe3+ 18. Qxe3 Kb8 19. Rad1 f4 20. Qf2 Rhg8 21.
d4 Qd5 22. Rc1 Qc4 23. c3 Qxa2 24. Qxa2 Bxa2 25. Rfe1 Be6 26. Red1 Bb3 27. Re1
Be6 28. Red1 c5 29. Rd2 c4 30. Rcd1 Bd5 31. Kf2 b5 32. Ne1 Kc7 33. Ra2 Kb7 34.
Nc2 Rd7 35. Nb4 Be4 36. Ra6 Rg6 37. Rda1 Rxa6 38. Rxa6 h5 39. Ra5 Kb6 40. Ra6+
Kb7 41. e6 Re7 42. d5 g4 1/2-1/2

[Event "PMPJ 2022 - C15"]
[Site "Jastrzebia Gora"]
[Date "2022.11.12"]
[Round "8.23"]
[White "Borowik, Karol"]
[Black "Klys, Kacper"]
[Result "1/2-1/2"]
[BlackElo "1406"]
[WhiteElo "1451"]
[LiveChessVersion "1.4.4"]

1. d4 {[%clk 1:30:59]} Nf6 {[%clk 1:30:30]} 2. Nf3 {[%clk 1:31:23]} e6
{[%clk 1:31:22]} 3. c4 {[%clk 1:31:48]} d5 {[%clk 1:31:49]} 4. Nc3
{[%clk 1:32:11]} Nbd7 {[%clk 1:31:29]} 5. Bg5 {[%clk 1:31:16]} c6
{[%clk 1:32:28]} 6. e3 {[%clk 1:28:37]} Qa5 {[%clk 1:32:57]} 7. Nd2
{[%clk 1:26:43]} dxc4 {[%clk 1:33:15]} 8. Bxf6 {[%clk 1:23:36]} Nxf6
{[%clk 1:33:41]} 9. Nxc4 {[%clk 1:23:06]} Qc7 {[%clk 1:34:09]} 10. Bd3
{[%clk 1:20:11]} Be7 {[%clk 1:31:49]} 11. O-O {[%clk 1:17:29]} O-O
{[%clk 1:32:42]} 12. Rc1 {[%clk 1:15:13]} Rd8 {[%clk 1:31:51]} 13. Qc2
{[%clk 1:00:36]} b6 {[%clk 1:26:43]} 14. Ne5 {[%clk 0:48:35]} c5 {[%clk 1:19:31]}
15. Ne4 {[%clk 0:41:27]} Nd5 {[%clk 1:14:39]} 16. a3 {[%clk 0:33:13]} f5
{[%clk 1:02:55]} 17. Ng3 {[%clk 0:29:35]} g6 {[%clk 0:59:24]} 18. Rfe1
{[%clk 0:24:12]} Bf6 {[%clk 0:53:01]} 19. Nf3 {[%clk 0:19:44]} Bb7
{[%clk 0:51:25]} 20. b4 {[%clk 0:13:51]} Rac8 {[%clk 0:43:14]} 21. bxc5
{[%clk 0:12:18]} bxc5 {[%clk 0:43:15]} 22. dxc5 {[%clk 0:11:28]} Bc3
{[%clk 0:42:59]} 23. Red1 {[%clk 0:07:14]} Qxc5 {[%clk 0:43:06]} 24. Qb3
{[%clk 0:06:40]} Qb6 {[%clk 0:34:30]} 25. Qxb6 {[%clk 0:05:00]} axb6
{[%clk 0:33:54]} 26. Bb5 {[%clk 0:04:28]} Bb2 {[%clk 0:16:04]} 27. Rxc8 Bxc8
{[%clk 0:16:49]} 28. a4 {[%clk 0:03:50]} Bd7 {[%clk 0:16:26]} 29. Bxd7
{[%clk 0:03:21]} Rxd7 {[%clk 0:17:25]} 30. e4 {[%clk 0:02:26]} Nf6
{[%clk 0:17:50]} 31. Rxd7 {[%clk 0:01:42]} Nxd7 {[%clk 0:18:18]} 32. exf5
{[%clk 0:01:31]} exf5 {[%clk 0:18:45]} 33. Nd2 {[%clk 0:01:20]} Nc5
{[%clk 0:17:15]} 34. a5 {[%clk 0:00:53]} Bc3 {[%clk 0:17:11]} 35. a6
{[%clk 0:00:50]} Nxa6 {[%clk 0:17:24]} 36. Nb3 {[%clk 0:01:09]} Nc5
{[%clk 0:17:21]} 37. Ne2 {[%clk 0:01:12]} Nxb3 {[%clk 0:16:36]} 38. Nxc3
{[%clk 0:01:41]} Kf7 {[%clk 0:16:58]} 39. Kf1 {[%clk 0:01:29]} Ke6
{[%clk 0:17:23]} 40. Ke2 {[%clk 0:01:46]} Ke5 {[%clk 0:16:41]} 41. Kd3
{[%clk 0:01:08]} Nc5+ {[%clk 0:16:42]} 42. Ke3 {[%clk 0:00:42]} Ne4
{[%clk 0:15:13]} 43. f4+ {[%clk 0:00:51]} Kd6 {[%clk 0:15:23]} 44. Nxe4+
{[%clk 0:01:01]} fxe4 {[%clk 0:15:52]} 45. Kxe4 {[%clk 0:01:30]} b5
{[%clk 0:05:02]} 46. Kd4 {[%clk 0:01:33]} b4 {[%clk 0:05:31]} 47. Kc4
{[%clk 0:01:57]} b3 {[%clk 0:05:58]} 48. Kxb3 {[%clk 0:02:24]} Kd5
{[%clk 0:06:26]} 49. Kc3 {[%clk 0:02:42]} Ke4 {[%clk 0:06:55]} 50. g3
{[%clk 0:02:58]} h5 {[%clk 0:07:17]} 51. Kd2 {[%clk 0:02:35]} Kf3
{[%clk 0:07:45]} 52. Kd3 {[%clk 0:02:58]} Kg2 {[%clk 0:05:58]} 53. Ke3
{[%clk 0:03:25]} Kxh2 {[%clk 0:04:56]} 1/2-1/2

[Event "PMPJ 2022 - C15"]
[Site "Jastrzebia Gora"]
[Date "2022.11.12"]
[Round "8.24"]
[White "Brudzynski, Wojciech"]
[Black "Nawrocki, Michal"]
[Result "1/2-1/2"]
[BlackElo "1432"]
[WhiteElo "1246"]
[LiveChessVersion "1.4.4"]

1. d4 {[%clk 1:30:59]} Nf6 {[%clk 1:30:55]} 2. c4 {[%clk 1:31:24]} e6
{[%clk 1:31:20]} 3. Nc3 {[%clk 1:31:48]} Bb4 {[%clk 1:31:44]} 4. Bd2
{[%clk 1:31:50]} d5 {[%clk 1:32:02]} 5. e3 {[%clk 1:31:42]} O-O {[%clk 1:32:23]}
6. Nf3 {[%clk 1:32:00]} b6 7. cxd5 exd5 8. Bd3 Bb7 9. Rc1 Nbd7 10. O-O Bxc3 11.
Bxc3 Ne4 12. Nd2 Nxd2 13. Qxd2 c5 14. dxc5 bxc5 15. Bb1 Rc8 16. Qd3 Qh4 17. f4 f5
18. b4 d4 19. exd4 c4 20. Qg3 Qxg3 21. hxg3 g6 22. a3 Bd5 23. Rfe1 Rfe8 24. Bc2
Nf6 25. Re5 Rxe5 26. fxe5 Ne4 27. Bxe4 Bxe4 28. Rd1 Bd5 29. a4 Kf7 30. b5 Ke6 31.
Rb1 Rb8 {[%clk 0:42:50]} 32. Bb4 {[%clk 0:45:45]} Be4 {[%clk 0:43:07]} 33. Rb2
{[%clk 0:45:34]} Kd5 {[%clk 0:42:35]} 34. Bc3 {[%clk 0:45:16]} g5
{[%clk 0:41:53]} 1/2-1/2

[Event "PMPJ 2022 - C15"]
[Site "Jastrzebia Gora"]
[Date "2022.11.12"]
[Round "8.25"]
[White "Jendrowiak, Maciej"]
[Black "Szewczak, Filip"]
[Result "1-0"]
[BlackElo "1118"]
[WhiteElo "1664"]
[LiveChessVersion "1.4.4"]

1. d4 {[%clk 1:30:58]} Nf6 {[%clk 1:30:58]} 2. c4 {[%clk 1:31:18]} e5
{[%clk 1:31:09]} 3. dxe5 {[%clk 1:30:52]} Ng4 {[%clk 1:31:34]} 4. e4
{[%clk 1:31:19]} Nxe5 {[%clk 1:31:57]} 5. f4 {[%clk 1:31:35]} Nec6
{[%clk 1:32:23]} 6. Be3 {[%clk 1:30:16]} Bb4+ {[%clk 1:32:29]} 7. Nd2
{[%clk 1:29:53]} d6 {[%clk 1:30:20]} 8. Ngf3 {[%clk 1:28:24]} O-O
{[%clk 1:29:06]} 9. Bd3 {[%clk 1:25:48]} Nd7 {[%clk 1:19:35]} 10. O-O
{[%clk 1:20:56]} Bc5 {[%clk 1:14:38]} 11. Qe2 {[%clk 1:16:59]} f5
{[%clk 1:09:38]} 12. Rae1 {[%clk 0:51:39]} Bxe3+ {[%clk 0:54:47]} 13. Qxe3
{[%clk 0:51:36]} fxe4 {[%clk 0:54:56]} 14. Nxe4 {[%clk 0:50:36]} Nf6
{[%clk 0:54:10]} 15. Neg5 {[%clk 0:42:48]} Re8 {[%clk 0:46:00]} 16. Bxh7+
{[%clk 0:40:50]} Kh8 {[%clk 0:41:43]} 17. Qd3 {[%clk 0:40:06]} Qd7
{[%clk 0:41:02]} 18. Nh4 1-0

[Event "PMPJ 2022 - C15"]
[Site "Jastrzebia Gora"]
[Date "2022.11.12"]
[Round "8.26"]
[White "Matysik, Mateusz"]
[Black "Skrzypczak, Jan"]
[Result "1/2-1/2"]
[BlackElo "1536"]
[WhiteElo "1095"]
[LiveChessVersion "1.4.4"]

1. e4 {[%clk 1:30:57]} e5 {[%clk 1:30:57]} 2. Nf3 {[%clk 1:31:26]} Nc6
{[%clk 1:31:23]} 3. Bb5 {[%clk 1:31:50]} a6 {[%clk 1:31:50]} 4. Ba4
{[%clk 1:32:17]} Nf6 {[%clk 1:32:16]} 5. O-O {[%clk 1:32:41]} Be7
{[%clk 1:32:40]} 6. d3 {[%clk 1:33:06]} b5 {[%clk 1:33:02]} 7. Bb3
{[%clk 1:33:35]} Bb7 {[%clk 1:33:11]} 8. c3 {[%clk 1:31:52]} O-O {[%clk 1:30:37]}
9. a4 {[%clk 1:29:04]} Re8 {[%clk 1:24:49]} 10. a5 {[%clk 1:21:06]} d5
{[%clk 1:18:46]} 11. exd5 {[%clk 1:09:12]} Nxd5 {[%clk 1:18:48]} 12. Re1
{[%clk 1:05:15]} Bf6 {[%clk 0:56:57]} 13. Nbd2 {[%clk 1:03:15]} Qd7
{[%clk 0:37:28]} 14. Ne4 {[%clk 1:00:03]} Be7 {[%clk 0:32:05]} 15. Bg5
{[%clk 0:53:39]} Nf4 {[%clk 0:26:03]} 16. Bxe7 {[%clk 0:50:29]} Rxe7
{[%clk 0:19:18]} 17. Bc2 {[%clk 0:39:21]} Qg4 {[%clk 0:16:00]} 18. Ng3
{[%clk 0:37:55]} Rd8 {[%clk 0:13:09]} 19. d4 {[%clk 0:35:47]} exd4
{[%clk 0:11:56]} 20. Bf5 {[%clk 0:35:51]} Rxe1+ {[%clk 0:11:12]} 21. Qxe1
{[%clk 0:36:10]} Nh3+ {[%clk 0:11:20]} 22. Kh1 {[%clk 0:35:33]} Qf4
{[%clk 0:11:33]} 23. Bxh3 {[%clk 0:35:55]} g5 {[%clk 0:11:11]} 24. Bf5
{[%clk 0:35:46]} g4 {[%clk 0:09:09]} 25. Nxd4 {[%clk 0:34:51]} Nxd4
{[%clk 0:08:58]} 26. cxd4 {[%clk 0:35:13]} Qxd4 {[%clk 0:08:29]} 27. Qe2
{[%clk 0:34:40]} c5 {[%clk 0:07:10]} 28. Qxg4+ {[%clk 0:34:47]} Qxg4
{[%clk 0:07:33]} 29. Bxg4 {[%clk 0:35:15]} Rd2 {[%clk 0:07:51]} 30. f3
{[%clk 0:33:38]} Rxb2 {[%clk 0:07:45]} 31. Rd1 {[%clk 0:33:51]} Kg7 32. Ra1
1/2-1/2

[Event "PMPJ 2022 - C15"]
[Site "Jastrzebia Gora"]
[Date "2022.11.12"]
[Round "8.28"]
[White "Zmuda, Tomasz"]
[Black "Zydok, Ignacy"]
[Result "0-1"]
[BlackElo "1200"]
[WhiteElo "1373"]
[LiveChessVersion "1.4.4"]

1. e4 e5 2. Nf3 Nc6 3. d4 exd4 4. Bc4 Be7 5. Nxd4 d6 6. O-O Nf6 7. Nc3 O-O 8.
Nxc6 bxc6 9. Bb3 Be6 10. Be3 d5 11. e5 Ng4 12. Bf4 g5 13. Bd2 Nxe5 14. Re1 Ng6
15. Ne2 Bf6 16. Rb1 Qd6 17. Ng3 h6 18. Nh5 Be5 19. Kh1 Rae8 20. Rxe5 Nxe5 21.
Nf6+ Kg7 22. Nxe8+ Rxe8 23. f4 Ng4 24. Bc3+ f6 25. Qf3 Qxf4 26. Rf1 Qxf3 27. Rxf3
Ne5 28. Rf1 Kg6 29. h3 Bf5 30. g4 Be4+ 31. Kh2 f5 32. Ba4 Nf3+ 33. Kg3 f4+ 34.
Kf2 d4 35. Ba5 Re7 36. Rd1 c5 37. c4 Ne5 38. b3 f3 39. Kg3 Nd3 40. Bc6 Bxc6 41.
Rxd3 Re2 42. Rd2 f2 0-1

[Event "PMPJ 2022 - C15"]
[Site "Jastrzebia Gora"]
[Date "2022.11.12"]
[Round "8.29"]
[White "Pozoga, Adam"]
[Black "Obidzinski, Cezary"]
[Result "1-0"]
[BlackElo "1261"]
[WhiteElo "1229"]
[LiveChessVersion "1.4.4"]

1. e4 e6 2. d4 d5 3. Nc3 Nf6 4. Bg5 Be7 5. e5 Nfd7 6. h4 h6 7. Bxe7 Qxe7 8. f4 c5
9. Nb5 Na6 10. Nd6+ Kf8 11. Nf3 cxd4 12. Nxd4 Nc7 13. Qg4 Nb6 14. O-O-O a6 15.
Bd3 Ne8 16. Nxe8 Qxe8 17. Rde1 Qa4 18. f5 exf5 19. Bxf5 Bxf5 20. Qxf5 Qxd4 21.
Rhf1 Kg8 22. Qxf7+ Kh7 23. Rf4 Qc5 24. Qf5+ Kg8 25. h5 Qe7 26. Ref1 Nd7 27. e6
Rf8 28. Qxd5 Nf6 29. Qb3 Re8 30. Re1 Nxh5 31. Rf7 Qg5+ 32. Kb1 Kh7 33. Qxb7 Qd2
34. Qe4+ Kg8 35. Rh1 Nf6 36. Qg6 Rh7 37. Rxf6 Rd8 38. Qf7+ Kh8 39. Qf8+ Rxf8 40.
Rxf8# 1-0

[Event "PMPJ 2022 - C15"]
[Site "Jastrzebia Gora"]
[Date "2022.11.12"]
[Round "8.30"]
[White "Magrel, Wiktor"]
[Black "Klyus, Ivan"]
[Result "0-1"]
[BlackElo "1196"]
[WhiteElo "1170"]
[LiveChessVersion "1.4.4"]

1. e4 c5 2. Nf3 Nc6 3. d4 cxd4 4. Nxd4 Nf6 5. Nc3 d6 6. f3 g6 7. Be3 Bg7 8. Qd2
O-O 9. O-O-O Bd7 10. g4 Rc8 11. h4 h5 12. gxh5 Nxh5 13. Be2 Qa5 14. Nb3 Bxc3 15.
Qxc3 Qxc3 16. bxc3 Ng3 17. Rh2 Nxe2+ 18. Rxe2 a6 19. h5 Ne5 20. Rg2 Be6 21. f4
Ng4 22. Bd4 Bd7 23. f5 gxf5 24. exf5 Bxf5 25. Rdg1 Kh7 26. Rxg4 Bxg4 27. Rxg4 f6
28. Nd2 e5 29. Bf2 Rxc3 30. Bh4 Kh6 31. Rg6+ Kxh5 0-1

[Event "PMPJ 2022 - C15"]
[Site "Jastrzebia Gora"]
[Date "2022.11.12"]
[Round "8.32"]
[White "Pachura, Mateusz"]
[Black "Dechnik, Marcel"]
[Result "1-0"]
[BlackElo "1238"]
[WhiteElo "1269"]
[LiveChessVersion "1.4.4"]

1. e4 e5 2. Nf3 Nc6 3. Bc4 Nf6 4. Ng5 d5 5. exd5 Na5 6. Bb5+ c6 7. dxc6 bxc6 8.
Be2 h6 9. Nf3 e4 10. Nd4 Qxd4 11. f4 Bc5 12. Rf1 Bb6 13. c3 Qd6 14. d4 Bb7 15. b4
Rd8 16. bxa5 Bxa5 17. Qb3 O-O 18. Nd2 Bxc3 1-0

[Event "PMPJ 2022 - C15"]
[Site "Jastrzebia Gora"]
[Date "2022.11.12"]
[Round "9.1"]
[White "Duda, Szymon"]
[Black "Gbiorczyk, Mikolaj"]
[Result "1/2-1/2"]
[BlackElo "1824"]
[WhiteElo "1697"]
[LiveChessVersion "1.4.4"]

1. e4 {[%clk 1:28:21]} e5 {[%clk 1:30:40]} 2. Nf3 {[%clk 1:28:22]} Nc6
{[%clk 1:30:57]} 3. Bc4 {[%clk 1:28:21]} Nf6 {[%clk 1:31:13]} 4. d3
{[%clk 1:28:24]} h6 {[%clk 1:31:29]} 5. c3 {[%clk 1:28:31]} d6 {[%clk 1:31:46]}
6. h3 {[%clk 1:28:45]} g5 {[%clk 1:31:18]} 7. g4 {[%clk 1:24:13]} Bg7
{[%clk 1:26:11]} 8. Nbd2 {[%clk 1:19:03]} a6 {[%clk 1:15:00]} 9. Qe2
{[%clk 1:08:20]} Be6 {[%clk 1:09:10]} 10. Bxe6 {[%clk 0:55:02]} fxe6
{[%clk 1:09:31]} 11. d4 exd4 {[%clk 1:02:55]} 12. cxd4 {[%clk 0:49:24]} O-O
{[%clk 0:57:26]} 13. b3 {[%clk 0:41:02]} Qd7 {[%clk 0:46:51]} 14. Bb2
{[%clk 0:40:48]} Ne7 {[%clk 0:46:06]} 15. O-O-O {[%clk 0:34:35]} Ng6
{[%clk 0:41:50]} 16. Kb1 {[%clk 0:31:19]} Nf4 {[%clk 0:37:17]} 17. Qc4
{[%clk 0:27:52]} Rac8 {[%clk 0:18:10]} 18. e5 {[%clk 0:21:17]} N6d5
{[%clk 0:17:06]} 19. h4 {[%clk 0:20:08]} gxh4 {[%clk 0:11:58]} 20. Nxh4
{[%clk 0:17:48]} Qb5 {[%clk 0:09:56]} 21. Qxb5 {[%clk 0:15:05]} axb5
{[%clk 0:10:21]} 22. Ne4 {[%clk 0:15:06]} dxe5 {[%clk 0:08:34]} 23. dxe5
{[%clk 0:15:28]} Rcd8 {[%clk 0:07:14]} 24. Rd2 {[%clk 0:12:06]} b4
{[%clk 0:05:50]} 25. Rhd1 {[%clk 0:11:38]} b6 {[%clk 0:01:57]} 26. Nf6+
{[%clk 0:07:25]} Bxf6 {[%clk 0:01:50]} 27. exf6 {[%clk 0:07:51]} Rde8
{[%clk 0:01:19]} 28. Be5 {[%clk 0:07:35]} c6 {[%clk 0:00:45]} 29. Kb2
{[%clk 0:07:02]} c5 {[%clk 0:00:36]} 30. Rg1 {[%clk 0:05:48]} Nh3
{[%clk 0:00:42]} 31. Rh1 {[%clk 0:04:47]} Ng5 32. Ng6 Nh3 33. Nh4 1/2-1/2

[Event "PMPJ 2022 - C15"]
[Site "Jastrzebia Gora"]
[Date "2022.11.12"]
[Round "9.2"]
[White "Wierzbicki, Dawid"]
[Black "Wydmanski, Szymon"]
[Result "1/2-1/2"]
[BlackElo "1809"]
[WhiteElo "1732"]
[LiveChessVersion "1.4.4"]

1. Nf3 {[%clk 1:30:56]} c5 {[%clk 1:26:26]} 2. b3 {[%clk 1:31:03]} Nf6
{[%clk 1:25:28]} 3. Bb2 {[%clk 1:30:47]} d5 {[%clk 1:23:15]} 4. e3
{[%clk 1:30:53]} Nc6 {[%clk 1:19:04]} 5. Bb5 {[%clk 1:29:45]} a6 {[%clk 1:19:21]}
6. Bxc6+ {[%clk 1:29:57]} bxc6 {[%clk 1:19:46]} 7. Ne5 {[%clk 1:29:25]} Qc7
{[%clk 1:19:02]} 8. f4 {[%clk 1:29:25]} e6 {[%clk 1:15:34]} 9. O-O
{[%clk 1:28:05]} Bd6 {[%clk 1:14:57]} 10. d3 {[%clk 1:26:53]} O-O
{[%clk 1:14:45]} 11. Nd2 {[%clk 1:26:09]} Nd7 {[%clk 1:11:34]} 12. Qh5
{[%clk 1:16:57]} f6 {[%clk 0:59:40]} 13. Nxd7 {[%clk 1:16:28]} Bxd7
{[%clk 1:00:06]} 14. Rf3 {[%clk 1:15:02]} Be8 {[%clk 0:56:25]} 15. Qh4
{[%clk 1:13:48]} Bg6 {[%clk 0:38:07]} 16. e4 {[%clk 1:10:20]} dxe4
{[%clk 0:34:27]} 17. dxe4 {[%clk 1:09:01]} Rad8 {[%clk 0:34:00]} 18. f5
{[%clk 1:05:35]} exf5 {[%clk 0:28:27]} 19. exf5 {[%clk 1:06:00]} Bf7
{[%clk 0:22:34]} 20. Ne4 {[%clk 0:50:46]} Be5 {[%clk 0:18:49]} 21. Rh3
{[%clk 0:47:22]} h5 {[%clk 0:11:28]} 22. c3 {[%clk 0:41:38]} c4 {[%clk 0:10:06]}
23. b4 {[%clk 0:41:09]} Rd3 {[%clk 0:07:45]} 24. Rxd3 {[%clk 0:40:22]} cxd3
{[%clk 0:08:14]} 25. Rd1 {[%clk 0:40:32]} Qd7 {[%clk 0:07:52]} 26. Qh3
{[%clk 0:40:12]} Qd5 {[%clk 0:07:28]} 27. Qxd3 {[%clk 0:39:31]} Qxd3
{[%clk 0:06:55]} 28. Rxd3 {[%clk 0:39:44]} Bxa2 {[%clk 0:07:16]} 29. Nc5
{[%clk 0:38:00]} Bc4 {[%clk 0:05:53]} 30. Rd7 {[%clk 0:38:24]} Re8
{[%clk 0:04:36]} 31. g3 {[%clk 0:35:26]} 1/2-1/2

[Event "PMPJ 2022 - C15"]
[Site "Jastrzebia Gora"]
[Date "2022.11.12"]
[Round "9.3"]
[White "Latacz, Grzegorz"]
[Black "Trzebinski, Patryk"]
[Result "0-1"]
[BlackElo "1800"]
[WhiteElo "1645"]
[LiveChessVersion "1.4.4"]

1. d4 {[%clk 1:30:57]} Nf6 {[%clk 1:30:32]} 2. c4 {[%clk 1:31:22]} e5
{[%clk 1:30:37]} 3. dxe5 {[%clk 1:31:44]} Ne4 {[%clk 1:31:01]} 4. Nf3
{[%clk 1:31:54]} Nc6 {[%clk 1:30:54]} 5. Qc2 {[%clk 1:31:14]} Bb4+
{[%clk 1:30:25]} 6. Bd2 {[%clk 1:30:04]} Nxd2 {[%clk 1:24:49]} 7. Nbxd2
{[%clk 1:30:31]} Qe7 {[%clk 1:24:16]} 8. a3 {[%clk 1:29:40]} Bxd2+
{[%clk 1:24:29]} 9. Qxd2 {[%clk 1:29:37]} Nxe5 {[%clk 1:23:20]} 10. Nxe5
{[%clk 1:29:05]} Qxe5 {[%clk 1:21:40]} 11. e3 {[%clk 1:27:53]} d6
{[%clk 1:11:49]} 12. Be2 {[%clk 1:23:32]} a5 {[%clk 1:08:53]} 13. Bf3
{[%clk 1:19:53]} Ra6 {[%clk 1:04:47]} 14. O-O {[%clk 1:18:14]} a4
{[%clk 1:02:10]} 15. Qc2 {[%clk 1:08:29]} Bf5 {[%clk 0:58:24]} 16. e4
{[%clk 1:08:28]} Bd7 {[%clk 0:52:54]} 17. Rfd1 {[%clk 1:03:43]} Bc6
{[%clk 0:52:57]} 18. Rab1 {[%clk 1:02:43]} O-O {[%clk 0:51:37]} 19. h3
{[%clk 0:57:48]} Re8 {[%clk 0:51:17]} 20. Qc3 {[%clk 0:49:57]} Rb6
{[%clk 0:36:36]} 21. Rd4 {[%clk 0:44:56]} f5 {[%clk 0:15:40]} 22. Re1
{[%clk 0:33:39]} fxe4 {[%clk 0:12:23]} 23. Bxe4 {[%clk 0:24:47]} Bxe4
{[%clk 0:12:51]} 24. f3 {[%clk 0:24:15]} Qc5 {[%clk 0:11:01]} 25. Rexe4
{[%clk 0:22:08]} Rxe4 {[%clk 0:11:29]} 26. fxe4 {[%clk 0:22:30]} Rb3
{[%clk 0:11:55]} 27. Qd2 {[%clk 0:22:21]} Qb6 {[%clk 0:09:52]} 28. Kh2
{[%clk 0:18:31]} Rxb2 {[%clk 0:10:18]} 29. Qd1 {[%clk 0:18:45]} Qc5
{[%clk 0:02:06]} 30. Qxa4 {[%clk 0:15:12]} Qe5+ 31. Kh1 {[%clk 0:13:55]} c5
{[%clk 0:02:52]} 32. Rd5 {[%clk 0:12:45]} Qxe4 {[%clk 0:01:59]} 33. Rg5
{[%clk 0:11:02]} Qe3 {[%clk 0:02:03]} 34. Rg4 {[%clk 0:10:21]} h5
{[%clk 0:02:20]} 35. Rg6 {[%clk 0:09:42]} Rb1+ {[%clk 0:02:38]} 36. Kh2
{[%clk 0:10:06]} h4 {[%clk 0:02:55]} 37. Rxg7+ {[%clk 0:09:46]} Kxg7
{[%clk 0:02:47]} 38. Qd7+ {[%clk 0:10:06]} Kf6 {[%clk 0:03:01]} 39. Qxd6+
{[%clk 0:10:08]} Kf5 {[%clk 0:03:24]} 40. Qf8+ {[%clk 0:09:36]} Ke4
{[%clk 0:03:19]} 41. Qe7+ {[%clk 0:09:09]} Kd3 {[%clk 0:02:21]} 42. Qd7+
{[%clk 0:08:04]} Kc3 {[%clk 0:02:42]} 43. Qg7+ {[%clk 0:08:18]} Qd4
{[%clk 0:03:11]} 0-1

[Event "PMPJ 2022 - C15"]
[Site "Jastrzebia Gora"]
[Date "2022.11.12"]
[Round "9.4"]
[White "Skrzypinski, Jan"]
[Black "Sliz, Karol"]
[Result "1/2-1/2"]
[BlackElo "1678"]
[WhiteElo "1490"]
[LiveChessVersion "1.4.4"]

1. e4 {[%clk 1:30:58]} c6 {[%clk 1:31:00]} 2. Bc4 {[%clk 1:31:17]} d5
{[%clk 1:31:24]} 3. Bb3 {[%clk 1:31:45]} Nf6 {[%clk 1:30:08]} 4. e5
{[%clk 1:31:58]} Nfd7 {[%clk 1:30:28]} 5. f4 {[%clk 1:32:12]} e6 {[%clk 1:30:50]}
6. Nf3 {[%clk 1:31:41]} Qb6 {[%clk 1:30:41]} 7. d4 {[%clk 1:29:02]} c5
{[%clk 1:30:54]} 8. c3 {[%clk 1:29:25]} Nc6 {[%clk 1:30:39]} 9. O-O
{[%clk 1:29:06]} g6 {[%clk 1:28:30]} 10. Kh1 {[%clk 1:24:54]} Be7
{[%clk 1:24:35]} 11. a3 {[%clk 1:23:56]} O-O {[%clk 1:20:54]} 12. g4
{[%clk 1:22:40]} cxd4 {[%clk 1:19:01]} 13. cxd4 {[%clk 1:23:00]} Na5
{[%clk 1:16:40]} 14. Ba2 {[%clk 1:20:51]} f6 {[%clk 1:08:43]} 15. Nc3
{[%clk 1:19:27]} f5 {[%clk 1:04:37]} 16. gxf5 {[%clk 1:15:11]} Rxf5
{[%clk 1:03:51]} 17. b4 {[%clk 1:14:51]} Nc6 {[%clk 1:03:34]} 18. Bb1
{[%clk 1:14:22]} Rf8 {[%clk 0:59:12]} 19. Rg1 {[%clk 1:13:04]} Qd8
{[%clk 0:53:39]} 20. f5 {[%clk 1:08:23]} exf5 {[%clk 0:52:34]} 21. Bh6
{[%clk 1:08:01]} Re8 {[%clk 0:46:16]} 22. Bxf5 {[%clk 1:08:03]} Ndxe5
{[%clk 0:46:01]} 23. Bxc8 {[%clk 1:07:54]} Nxf3 {[%clk 0:45:22]} 24. Be6+
{[%clk 1:08:17]} Kh8 {[%clk 0:45:46]} 25. Qxf3 {[%clk 1:08:41]} Nxd4
{[%clk 0:45:35]} 26. Qf7 {[%clk 1:01:10]} Nxe6 {[%clk 0:45:07]} 27. Qxe6
{[%clk 1:01:30]} Bf6 {[%clk 0:44:10]} 28. Qh3 {[%clk 1:01:41]} d4
{[%clk 0:38:15]} 29. Rad1 {[%clk 0:59:53]} Rc8 {[%clk 0:35:09]} 30. Nb1
{[%clk 0:59:15]} Qd5+ {[%clk 0:33:28]} 31. Qg2 {[%clk 0:58:57]} Qh5
{[%clk 0:33:28]} 32. Bf4 {[%clk 0:58:47]} Re2 {[%clk 0:27:22]} 33. Qxb7
{[%clk 0:56:13]} Rce8 {[%clk 0:22:56]} 34. Nd2 {[%clk 0:54:09]} R8e4
{[%clk 0:20:26]} 35. Bg3 Be5 1/2-1/2

[Event "PMPJ 2022 - C15"]
[Site "Jastrzebia Gora"]
[Date "2022.11.12"]
[Round "9.5"]
[White "Szymkiewicz, Witold"]
[Black "Wandor, Adam"]
[Result "1/2-1/2"]
[BlackElo "1585"]
[WhiteElo "1658"]
[LiveChessVersion "1.4.4"]

1. d4 {[%clk 1:30:59]} d5 {[%clk 1:30:54]} 2. Nf3 {[%clk 1:31:23]} Nf6
{[%clk 1:31:17]} 3. g3 {[%clk 1:31:40]} c6 {[%clk 1:31:17]} 4. Bg2
{[%clk 1:32:06]} e6 {[%clk 1:29:07]} 5. O-O {[%clk 1:32:21]} Bd6 {[%clk 1:25:16]}
6. b3 {[%clk 1:31:53]} Nbd7 {[%clk 1:23:10]} 7. Bb2 {[%clk 1:31:28]} O-O
{[%clk 1:15:05]} 8. Nbd2 {[%clk 1:30:50]} Re8 {[%clk 1:12:24]} 9. Re1
{[%clk 1:30:27]} h6 {[%clk 1:06:10]} 10. c4 {[%clk 1:25:26]} Rb8 {[%clk 0:59:43]}
11. a4 {[%clk 1:24:05]} Bb4 {[%clk 0:55:55]} 12. Qc2 {[%clk 1:22:01]} Ne4
{[%clk 0:50:11]} 13. Nxe4 {[%clk 1:17:35]} Bxe1 {[%clk 0:42:23]} 14. Nd6
{[%clk 1:17:46]} Bb4 {[%clk 0:39:12]} 15. Nxe8 {[%clk 1:18:08]} Qxe8
{[%clk 0:39:37]} 16. e4 {[%clk 1:15:05]} dxe4 {[%clk 0:39:18]} 17. Qxe4
{[%clk 1:15:28]} Nf6 {[%clk 0:34:19]} 18. Qf4 {[%clk 1:13:56]} Bd7
{[%clk 0:33:40]} 19. g4 {[%clk 1:05:26]} Nh7 {[%clk 0:29:21]} 20. h4
{[%clk 1:02:59]} Be7 {[%clk 0:27:18]} 21. g5 {[%clk 0:57:46]} hxg5
{[%clk 0:26:11]} 22. hxg5 {[%clk 0:57:55]} Qd8 {[%clk 0:21:57]} 23. Ne5
{[%clk 0:56:28]} Be8 {[%clk 0:20:03]} 24. g6 {[%clk 0:56:23]} fxg6
{[%clk 0:18:17]} 25. Be4 {[%clk 0:54:41]} Bd6 {[%clk 0:12:03]} 26. Qg4
{[%clk 0:54:29]} Qg5 {[%clk 0:09:47]} 27. Qg2 {[%clk 0:51:41]} Bxe5
{[%clk 0:05:40]} 28. dxe5 {[%clk 0:52:10]} Rd8 {[%clk 0:05:16]} 29. Bc3
{[%clk 0:52:01]} Kf7 {[%clk 0:03:26]} 30. f4 {[%clk 0:49:45]} Qxg2+
{[%clk 0:03:32]} 31. Kxg2 {[%clk 0:50:13]} c5 {[%clk 0:02:24]} 32. Ba5
{[%clk 0:45:41]} b6 {[%clk 0:01:40]} 33. Bc3 {[%clk 0:46:05]} a5 {[%clk 0:01:38]}
34. Kf2 {[%clk 0:45:34]} 1/2-1/2